000 01045nam a2200229 4500
008 040830s2000 ph ab b f001 0 eng
020 _a9715381170 :USD80
090 _aDS674
_bSch7l
100 1 _aSchreurs, Peter,
_d1924-
245 1 4 _aThe location of Pigafetta's Mazaua, Butuan, and Calagan, 1521-1571 :
_ba bibliographic and cartographic evidence /
_c[Peter Schreurs].
260 _a[Manila, Philippines] :
_bRepublic of the Philippines, National Commission for Culture and the Arts, National Historical Institute,
_c2000.
300 _av, 125 p. :
_bill., maps ;
_c26 cm.
504 _aIncludes bibliographical references (p. 119-121) and index.
600 1 4 _aPigafetta, Antonio,
_dca. 1480/91-ca. 1534.
650 4 _aNames, Geographical
_zPhilippines.
651 4 _aButuan (Philippines)
651 4 _aCaraga (Philippines)
651 4 _aLimasawa (Philippines)
651 4 _aPhilippines
_xDescription and travel.
651 4 _aPhilippines
_xHistorical geography.
951 _p27534
_x00029579
_oDS674/Sch7l
_j070613111414437
_d2000-12-21
_cFIL
999 _c21104
_d21104